<?xml version="1.0" encoding="UTF-8"?>
<collection xmlns="http://www.loc.gov/MARC21/slim">
    <record>
        <controlfield tag="001">60418</controlfield>
        <controlfield tag="005">20170220165257.0</controlfield>
        <datafield tag="024" ind1="8" ind2=" ">
            <subfield code="2">sideral</subfield>
            <subfield code="a">97935</subfield>
        </datafield>
        <datafield tag="037" ind1=" " ind2=" ">
            <subfield code="a">ART-2015-97935</subfield>
        </datafield>
        <datafield tag="041" ind1=" " ind2=" ">
            <subfield code="a">spa</subfield>
        </datafield>
        <datafield tag="100" ind1=" " ind2=" ">
            <subfield code="0">(orcid)0000-0003-4031-3434</subfield>
            <subfield code="a">Gómez Bahillo, Carlos</subfield>
            <subfield code="u">Universidad de Zaragoza</subfield>
        </datafield>
        <datafield tag="245" ind1=" " ind2=" ">
            <subfield code="a">La gestión de la diversidad religiosa en Aragón</subfield>
        </datafield>
        <datafield tag="260" ind1=" " ind2=" ">
            <subfield code="c">2015</subfield>
        </datafield>
        <datafield tag="506" ind1="0" ind2=" ">
            <subfield code="a">Access copy available to the general public</subfield>
            <subfield code="f">Unrestricted</subfield>
        </datafield>
        <datafield tag="520" ind1="3" ind2=" ">
            <subfield code="a">El pluralismo religioso formó parte de la historia de nuestro país hasta los Reyes Católicos. Con ellos se terminaron siglos de convivencia entre cristianos, judíos y musulmanes, y se inició el monopolio de la iglesia católica, que se convierte en la única confesión de los españoles y también en la oficial del estado, durante varios siglos. A finales del siglo XIX comienzan a formarse en España, de forma clandestina, comunidades evangélicas, y que únicamente dejaron de serlo durante la Primera y Segunda República. Durante la dictadura franquista las religiones minoritarias fueron extorsionadas y vigiladas policialmente. A partir de la firma de los acuerdos con EE.UU. y la presencia de militares norteamericanos en las bases áreas, que en su mayoría profesaban religiones protestantes y bíblicas, el Régimen comenzó a permitir lugares de culto para estas confesiones, pero con carácter privado. También por esos años se firmaron acuerdos con los países árabes, y jóvenes de religión islámica vinieron a estudiar a España, y se reunían en pisos para recitar el Corán y hacer los rezos diarios. La apertura que trajo el Concilio Vaticano II fue determinante para un cambio de postura por parte del gobierno, que se vio obligado a aprobar la Ley 44/1967, Reguladora del ejercicio del derecho civil a la libertad en materia religiosa, por la que se permitía la apertura de locales de culto a otras confesiones distintas a la católica, si bien seguía estando prohibido el proselitismo y las manifestaciones públicas de sus creencias. Hay que esperar hasta la transición democrática para que comience a reconocerse y aceptarse por parte del estado y de la sociedad, la presencia de otras creencias y grupos religiosos.</subfield>
        </datafield>
        <datafield tag="540" ind1=" " ind2=" ">
            <subfield code="9">info:eu-repo/semantics/openAccess</subfield>
            <subfield code="a">by-nc-nd</subfield>
            <subfield code="u">http://creativecommons.org/licenses/by-nc-nd/3.0/es/</subfield>
        </datafield>
        <datafield tag="655" ind1=" " ind2="4">
            <subfield code="a">info:eu-repo/semantics/article</subfield>
            <subfield code="v">info:eu-repo/semantics/publishedVersion</subfield>
        </datafield>
        <datafield tag="710" ind1="2" ind2=" ">
            <subfield code="1">4009</subfield>
            <subfield code="2">775</subfield>
            <subfield code="a">Universidad de Zaragoza</subfield>
            <subfield code="b">Departamento de Psicología y Sociología</subfield>
            <subfield code="c">Sociología</subfield>
        </datafield>
        <datafield tag="773" ind1=" " ind2=" ">
            <subfield code="g">Monografia 4 (2015), 31-47</subfield>
            <subfield code="p">Cuad. Manuel Giménez Abad</subfield>
            <subfield code="t">Cuadernos Manuel Giménez Abad</subfield>
            <subfield code="x">2254-4445</subfield>
        </datafield>
        <datafield tag="856" ind1="4" ind2="1">
            <subfield code="u">http://www.fundacionmgimenezabad.es/images/Documentos/Cuadernos/monografia_4_noviembre2015.pdf</subfield>
            <subfield code="z">Texto completo de la revista</subfield>
        </datafield>
        <datafield tag="856" ind1="4" ind2=" ">
            <subfield code="s">2368646</subfield>
            <subfield code="u">http://zaguan.unizar.es/record/60418/files/texto_completo.pdf</subfield>
            <subfield code="y">Versión publicada</subfield>
        </datafield>
        <datafield tag="856" ind1="4" ind2=" ">
            <subfield code="s">120479</subfield>
            <subfield code="u">http://zaguan.unizar.es/record/60418/files/texto_completo.jpg?subformat=icon</subfield>
            <subfield code="x">icon</subfield>
            <subfield code="y">Versión publicada</subfield>
        </datafield>
        <datafield tag="909" ind1="C" ind2="O">
            <subfield code="o">oai:zaguan.unizar.es:60418</subfield>
            <subfield code="p">articulos</subfield>
            <subfield code="p">driver</subfield>
        </datafield>
        <datafield tag="951" ind1=" " ind2=" ">
            <subfield code="a">2017-02-20-11:36:03</subfield>
        </datafield>
        <datafield tag="980" ind1=" " ind2=" ">
            <subfield code="a">ARTICLE</subfield>
        </datafield>
    </record>

    
</collection>